01679nam a22003614a 4500001001100000003000800011006001900019007001500038008004100053010001700094020002800111040002100139035002000160050002500180082001600205245024000221260004700461300002400508490006200532504005100594533015200645650005700797650007400854650006100928655002900989700003201018700003001050700003301080710001701113830004701130856012501177999001501302ebr5005138CaPaEBRm u cr cn|||||||||000225s2001 ctua sb 001 0 eng  z 00027630  z0313311781 (alk. paper) aCaPaEBRcCaPaEBR a(OCoLC)4956979514aLB2806b.D437 2001eb04a378/.0122100aDeveloping non-hierarchical leadership on campush[electronic resource] :bcase studies and best practices in higher education /cedited by Charles L. Outcalt, Shannon K. Faris, and Kathleen N. McMahon ; foreword by Alexander W. Astin. aWestport, Conn. :bGreenwood Press,c2001. axvi, 261 p. :bill.1 aThe Greenwood educators' reference collection,x1056-2192 aIncludes bibliographical references and index. aElectronic reproduction.bPalo Alto, Calif. :cebrary,d2013.nAvailable via World Wide Web.nAccess may be limited to ebrary affiliated libraries. 0aEducational leadershipzUnited StatesvCase studies. 0aLeadershipxStudy and teaching (Higher)zUnited StatesvCase studies. 0aCivic leadersxTraining ofzUnited StatesvCase studies. 7aElectronic books.2local1 aOutcalt, Charles L.,d1964-1 aFaris, Shannon K.,d1973-1 aMcMahon, Kathleen N.,d1964-2 aebrary, Inc. 0aGreenwood educators' reference collection.40uhttp://site.ebrary.com/lib/rucke/Doc?id=5005138zAn electronic book accessible through the World Wide Web; click to view c1556d1556